| 000 | 00839cam a22001694a 4500 | ||
|---|---|---|---|
| 005 | 20250605163653.0 | ||
| 008 | 250528s ||||||||||||||||||||||||d | ||
| 035 | _a23971 | ||
| 040 |
_aGR-AtMCL _bgre _dGR-AtMCL _eAACR2 |
||
| 245 | 1 | _aSupply Chain and Logistics / Το Περιοδικό για την Εφοδιαστική Αλυσίδα | |
| 260 |
_bParametros Group _bScl Magazine, _c2020 |
||
| 300 | _a112 | ||
| 520 | _aΤι Συμβαίνει με τα Logistics των e-shops, Gopet Hellas - Εκεί που η Έννοια Flexible Logistics έχει Αξία, Το End-to-End Visibility θα Σώσει την Εφοδιαστική Αλυσίδα από Disruptions του Μέλλοντος, Η Ηλεκτροκίνηση Ήρθε για να Μείνει. | ||
| 942 | _cCR | ||
| 999 |
_c8882 _d8882 |
||